00562 2200181 4500245004000000020002200040250001100062100001500073700002100088650001700109005001900126260002800145041001400173084001100187300002300198500015000221336000900371 aBukan Putri TidurcDheti AzmihText a978-602-05-2061-2 aCet. 1 aDheti Azmi aTim Editor Fiksi aNovel Remaja a20230929074925 aJakartabGrasindoc2019 aIndonesia a808.83 a250 hlm. :c19 cm. aDinda sangat menyukai semua hal berbau K-pop.Gadis itu mengidolakan seroang oppa,hingga membuat Dinda tidak mementingkan hal lain selain idolanya atext